Murdered by Shakespeare Quiz Stats

Quiz Updated Aug 5, 2012

Challenge
Share
Tweet
Embed
Score 0/15 Timer 05:00
5 Plays Today
% Correct
Romeo
96.9%
Juliet
96.3%
Macbeth
95.3%
Julius Caesar
95.2%
Hamlet
93.8%
Othello
89.2%
Cleopatra
88.3%
King Lear
86.7%
% Correct
Antony
77.8%
Richard III
75.9%
Titus Andronicus
68.4%
Richard II
61.9%
Coriolanus
54.4%
King John
49.1%
Timon of Athens
43.1%

You're not logged in!

Compare scores with friends on all Sporcle quizzes.
Sign Up with Email
OR
Log In

You Might Also Like...

Show Comments

Extras

Top Quizzes Today


Score Distribution

Your Account Isn't Verified!

In order to create a playlist on Sporcle, you need to verify the email address you used during registration. Go to your Sporcle Settings to finish the process.